MARC

LEADER 00000nam0a2200000 4500
001 20204
005 20231101205336.0
010 |a 524400266X 
035 |a (RuTPU)RU\TPU\book\20382 
035 |a BOOK00020452 
090 |a 20204 
100 |a 20011209d1989 km y0rusy50 ca 
101 0 |a rus 
102 |a RU 
105 |a y z 000zb 
200 1 |a Иоганн Вольфганг Гете  |f К. А. Свасьян 
210 |a Москва  |c Мысль  |d 1989 
215 |a 192 с. 
225 1 |a Мыслители прошлого 
600 1 |a Гете  |g Иоганн Вольфганг  |b И. В.  |f 1749-1832  |c немецкий писатель  |2 stltpui  |3 (RuTPU)RU\TPU\pers\1452 
606 1 |a Классическая немецкая философия  |2 stltpush  |3 (RuTPU)RU\TPU\subj\14477  |9 40858 
610 1 |a философия 
610 1 |a немецкая философия 
610 1 |a 18 век 
610 1 |a 19 век 
610 1 |a история 
610 1 |a литература 
610 1 |a поэзия 
610 1 |a культура 
686 |a Ю3(4Г)5-563  |v LBC/SL-A  |2 rubbk 
700 1 |a Свасьян  |b К. А.  |g Карен Араевич 
801 0 |a RU  |b 63413507  |c 20011209  |g PSBO 
801 2 |a RU  |b 63413507  |c 20141118  |g PSBO 
942 |c BK